| 000 | 00719nam a2200205Ia 4500 | ||
|---|---|---|---|
| 003 | IN-BaIIA | ||
| 008 | 211028s9999 xx 000 0 eng d | ||
| 040 | _cIIA Library | ||
| 080 |
_a083.7:696.141.1 _bISI |
||
| 110 | _aIndian Standards Institution | ||
| 245 | 0 |
_aIndian standard specification for vitreous sanitary appliances (vitreous China) _bpt. 8, specific requirements of Siphonic wash-down water-closets _cIndian Standards Institution |
|
| 260 |
_aNew Delhi _bIndian Standards Institution _c1973 |
||
| 300 | _a8p. | ||
| 500 | _aIS 2556 : Part 8 : 1973 | ||
| 650 | _a Sanitary Appliances | ||
| 650 |
_a Siphonic Wash-Closets _98925 |
||
| 650 | _a Standards | ||
| 650 | _aNASA Thesaurus | ||
| 942 | _cBK | ||
| 999 |
_c5015 _d5015 |
||